书目信息 |
| 题名: |
暖通图集
|
|
| 作者: | 中南地区建筑标准设计协作组办公室 编 | |
| 分册: | ||
| 出版信息: | 北京 中国建筑工业出版社 2008.08 |
|
| 页数: | 821页 | |
| 开本: | 20cm | |
| 丛书名: | ||
| 单 册: | ||
| 中图分类: | TU83-64 | |
| 科图分类: | ||
| 主题词: | 建筑--空气调节 , 房屋建筑设备:空气调节设备 , 房屋建筑设备:采暖设备 , 建筑--通风 , 房屋建筑设备:通风设备 | |
| 电子资源: | ||
| ISBN: | ||
| 000 | 00856nam0 2200241 450 | |
| 001 | 1249840365 | |
| 005 | 20120330135309.93 | |
| 010 | @dCNY196.50 | |
| 100 | @a20120330d2008 km y0chiy0120 ea | |
| 101 | 0 | @achi |
| 102 | @aCN@b110000 | |
| 200 | 1 | @a暖通图集@Anuan tong tu ji@f中南地区建筑标准设计协作组办公室编@Fzhong nan di qu jian zhu biao zhun she ji xie zuo zu ban gong shi bian |
| 210 | @a北京@c中国建筑工业出版社@d2008.08 | |
| 215 | @a821页@d20cm | |
| 606 | 0 | @a建筑@x空气调节 |
| 606 | 0 | @a房屋建筑设备:空气调节设备 |
| 606 | 0 | @a房屋建筑设备:采暖设备 |
| 606 | 0 | @a建筑@x通风 |
| 606 | 0 | @a房屋建筑设备:通风设备 |
| 690 | @aTU83-64@v4 | |
| 701 | 0 | @a中南地区建筑标准设计协作组办公室@Azhong nan di qu jian zhu biao zhun she ji xie zuo zu ban gong shi@4编 |
| 801 | 0 | @aCN@b大连网信软件有限公司图书馆·11@c20120330 |
| 905 | @aZUCC@dTU83-64@eZ684 | |
| 暖通图集/中南地区建筑标准设计协作组办公室编.-北京:中国建筑工业出版社,2008.08 |
| 821页;20cm |
| ISBN :CNY196.50 |
| ● |
| 相关链接 |
|
|
|
正题名:暖通图集
索取号:TU83-64/Z684
 
预约/预借
| 序号 | 登录号 | 条形码 | 馆藏地/架位号 | 状态 | 备注 |
| 1 | 486227 | 204862274 | 能源与建筑环境工程学院资料室/ [索取号:TU83-64/Z684] | 在馆 |